| 000 | 00970cam a2200277 a 4500 | ||
|---|---|---|---|
| 001 | 000004431 | ||
| 005 | 20200929151436.0 | ||
| 008 | 791213s1985 sp b 000 f spa | ||
| 020 | _a8475511791 | ||
| 040 |
_aDO-SdBNP _cDLC _dDLC _dBNPHU |
||
| 041 | 1 | 7 |
_aspa _heng _2Código de idioma MARC |
| 082 |
_a823.8 _bC712d |
||
| 100 | 1 |
_aCollins, Wilkie, _d1824-1889. _93261 |
|
| 240 | 1 | 0 |
_aThe woman in white. _lEspañol |
| 245 | 1 | 3 |
_aLa dama de blanco / _cWilliam Wilkie Collins ; traducción de Maruja Gómez Segalés. |
| 260 |
_aBarcelona : _bPlaneta, _c1985. |
||
| 300 |
_a2 v ; _c21 cm. |
||
| 490 | 1 |
_aGrandes novelas de amor de la literatura universal _v48 |
|
| 534 |
_pTítulo original: _tThe woman in white. |
||
| 650 | 4 |
_aNovela inglesa _91071 |
|
| 650 | 4 |
_aLiteratura inglesa _9498 |
|
| 700 | 1 |
_aGómez Segalés, Maruja, _etr. _913017 |
|
| 830 | 0 |
_aGrandes novelas de amor de la literatura universal; _v48 _913018 |
|
| 910 | _aCatalogación derivada | ||
| 910 | _aWM | ||
| 999 |
_c4240 _d4240 |
||